000 00485nam a22001697a 4500
999 _c40653
_d40653
003 OSt
005 20200606120059.0
008 191026b ||||| |||| 00| 0 eng d
020 _a818875000X
040 _cMESKC library
082 _a891.433
_bGUP/A
100 _aGupta,Umesh
_999
245 _aAvo Paden Kahaniyan/
_cUmesh Gupta
260 _aDelhi:
_bSaksharatha Pustak Bhandar,
_c2013
300 _a144p
942 _2ddc
_cBK
_h891.433
_iGUP/A
_k891.433
_mGUP/A